| 000 | 00565nam a2200217Ia 4500 | ||
|---|---|---|---|
| 003 | 0100 | ||
| 008 | 130227s9999 xx 000 0 und d | ||
| 040 | _cARRUPELIB | ||
| 050 | _aDT30.E77 1982 | ||
| 100 | _aEsedebe, Olisanwuche P. | ||
| 245 | _aPan-Africanism | ||
| 245 | _bthe idea and movement 1776 -1963 | ||
| 260 | _aWashington, D. C. | ||
| 260 | _bHoward University Press | ||
| 260 | _C1982 | ||
| 300 | _axv | ||
| 300 | _b 271p. 22cm. | ||
| 650 | _bConsumption (Economics) | ||
| 650 | _cConsumption (Economics)--Social aspects | ||
| 942 |
_2lcc _01 |
||
| 999 |
_c5735 _d5735 |
||